LEADER 00936nam0-22003131i-450- 001 990006312000403321 005 19980601 035 $a000631200 035 $aFED01000631200 035 $a(Aleph)000631200FED01 035 $a000631200 100 $a19980601d1966----km-y0itay50------ba 105 $a--------00-yy 200 1 $a<>Flavier$eVespasien-Titus- Domitian...$fGeorg Daltrop, Ulrich Hausmann, Max Wegner. 210 $aBerlin$cVerlag Gebr. Mann$d1966 215 $a132 p.$d24 cm 225 1 $a"Deutsches Archeologisches Institut. Das Romische Herrscherbild / hrsg. von Max Wegner$v 676 $a930 700 1$aDaltrop,$bGeorg$0157324 702 1$aHausmann,$bUlrich 702 1$aWegner,$bMax$f<1902- > 801 0$aIT$bUNINA$gRICA$2UNIMARC 901 $aBK 912 $a990006312000403321 952 $aXXI A 643$b86162$fFGBC 959 $aFGBC 996 $aFlavier$9283239 997 $aUNINA DB $aGIU01 LEADER 01236cam0-22004571i-450 001 990003982990403321 005 20230214113314.0 010 $a88-06-16628-x 035 $a000398299 035 $aFED01000398299 035 $a(Aleph)000398299FED01 100 $a20031126d2003----km-y0itay50------ba 101 0 $aita 102 $aIT 105 $ay-------0010y 200 1 $a<>scomparsa dell'Italia industriale$fLuciano Gallino 210 $aTorino$cEinaudi$d2003 215 $a106 p.$d18 cm 225 1 $aVele$v3 610 0 $aSociologia economica 610 0 $aInformatica 610 0 $aImprese High Tech 676 $a338.00945$v23$zita 676 $a045.002$v23$zita 700 1$aGallino,$bLuciano$f<1927- >$033207 801 0$aIT$bUNINA$gREICAT$2UNIMARC 901 $aBK 912 $a990003982990403321 952 $a17430 GAL$b20180$fSES 952 $aCollez. 2025 (3)$b40899$fFSPBC 952 $a045.002.GAL$b5185$fDECGE 952 $aXV R 741a,b$b1007$fDTE 952 $aFONDO ROSSI 3343$bROSSI 3458$fFARBC 959 $aFARBC 959 $aSES 959 $aFSPBC 959 $aDECGE 959 $aECA 959 $aDTE 996 $aScomparsa dell'Italia industriale$968344 997 $aUNINA